Die Juden in Oesterreich / herausgegeben vom Bureau für Statistik der Juden
Record details
- Physical Description: 160 stran ; 25 cm
- Publisher: Berlin : Louis Lamm, 1908
Content descriptions
| General Note: | Im Auftrage des "Verbandes der Israelitischen Humanitätsvereine B'nai B'rith für Oesterreich" hergestellt |
Search for related items by subject
| Subject: | obyvatelstvo > Rakousko-Uhersko Židé > Rakousko-Uhersko > 19.-20. století |
| Genre: | statistické přehledy |
Search for related items by series
Available copies
- 1 of 1 copy available at Common Catalog SPOK.
Holds
- 0 current holds with 1 total copy.
Show Only Available Copies
| Location | Call Number / Copy Notes | Barcode | Shelving Location | Status | Due Date |
|---|---|---|---|---|---|
| The Jewish community of Prague | J 218 | 4638304555 | J - Judaika | Available | - |
| LDR | 01333nam a2200373 i 4500 | ||
|---|---|---|---|
| 001 | 56227 | ||
| 003 | CZ-PrJAB | ||
| 005 | 20160523132308.0 | ||
| 007 | ta | ||
| 008 | 160519s1908 gw e s 000 0 ger | ||
| 020 | . | ‡q(Brožováno) | |
| 035 | . | ‡a(CZ PrNK)zpk20162799518 | |
| 040 | . | ‡aABA001 ‡bcze ‡erda | |
| 043 | . | ‡ae-au--- ‡ae-hu--- | |
| 045 | . | ‡aw8x0 | |
| 072 | 7. | ‡a314 ‡xDemografie. Populace ‡2Konspekt ‡918 | |
| 080 | . | ‡a314 ‡2MRF | |
| 080 | . | ‡a(=411.16) ‡2MRF | |
| 080 | . | ‡a(436+439) ‡2MRF | |
| 080 | . | ‡a(048.8:083.41) ‡2MRF | |
| 245 | 0 | 4. | ‡aDie Juden in Oesterreich / ‡cherausgegeben vom Bureau für Statistik der Juden |
| 264 | 1. | ‡aBerlin : ‡bLouis Lamm, ‡c1908 | |
| 300 | . | ‡a160 stran ; ‡c25 cm | |
| 336 | . | ‡atext ‡btxt ‡2rdacontent | |
| 337 | . | ‡abez média ‡bn ‡2rdamedia | |
| 338 | . | ‡asvazek ‡bnc ‡2rdacarrier | |
| 490 | 1 | . | ‡aVeröffentlichungen der Bureau für Statistik der Juden ; ‡vHeft 4 |
| 500 | . | ‡aIm Auftrage des "Verbandes der Israelitischen Humanitätsvereine B'nai B'rith für Oesterreich" hergestellt | |
| 648 | 7. | ‡a19.-20. století ‡7ch757015 ‡2czenas | |
| 650 | 0 | 7. | ‡aobyvatelstvo ‡7ph123621 ‡zRakousko-Uhersko ‡2czenas |
| 650 | 0 | 7. | ‡aŽidé ‡7ph127782 ‡zRakousko-Uhersko ‡y19.-20. století ‡2czenas |
| 655 | 7. | ‡astatistické přehledy ‡7fd133587 ‡2czenas | |
| 830 | 0. | ‡aVeröffentlichungen der Bureau für Statistik der Juden | |
| 910 | . | ‡aABE461 | |
| 995 | . | ‡aska | |
| 901 | . | ‡a56227 ‡bAUTOGEN ‡c56227 ‡tbiblio | |